[Event "CAN-ch U12"]
[Site "Quebec"]
[Date "2018.07.04"]
[Round "5.67"]
[White "Imoo, Joshua"]
[Black "Kang, Dorian"]
[Result "0-1"]
[WhiteElo "1562"]
[BlackElo "2098"]
[PlyCount "84"]
[EventDate "2018.07.02"]
[EventType "swiss"]
[EventRounds "7"]
[EventCountry "CAN"]
[SourceTitle "EXT 2022"]
[Source "ChessBase"]
[SourceDate "2021.10.06"]
[SourceVersion "1"]
[SourceVersionDate "2021.10.06"]
[SourceQuality "1"]

1. e4 c5 2. Nc3 Nc6 3. f4 g6 4. Nf3 Bg7 5. Bb5 Nd4 6. 0-0 Nxb5 7. Nxb5 d5 8. exd5 a6 9. Nc3 Nf6 10. Ne5 Nxd5 11. Qf3 e6 12. Nxd5 Qxd5 13. Qxd5 exd5 14. c3 c4 15. d4 cxd3 16. Nxd3 0-0 17. Nb4 d4 18. Bd2 Rd8 19. c4 Be6 20. b3 d3 21. Rae1 a5 22. Nd5 Bxd5 23. cxd5 Rxd5 24. Re7 b6 25. Rfe1 Bd4+ 26. Kf1 Rc8 27. Be3 Rc2 28. Bxd4 Rxd4 29. R7e4 Rxe4 30. Rxe4 Rxa2 31. Rd4 d2 32. Ke2 Kf8 33. Rxd2 Rxd2+ 34. Kxd2 Ke7 35. Kd3 b5 36. Kd4 Kd6 37. g3 f5 38. Kd3 Kd5 39. h3 h6 40. g4 a4 41. gxf5 gxf5 42. Ke3 a3 0-1

[Event "CAN-ch U12"]
[Site "Quebec"]
[Date "2018.07.03"]
[Round "3.75"]
[White "Imoo, Joshua"]
[Black "Gaisinsky, Jacob"]
[Result "1-0"]
[WhiteElo "1562"]
[BlackElo "1058"]
[PlyCount "47"]
[EventDate "2018.07.02"]
[EventType "swiss"]
[EventRounds "7"]
[EventCountry "CAN"]
[SourceTitle "EXT 2022"]
[Source "ChessBase"]
[SourceDate "2021.10.06"]
[SourceVersion "1"]
[SourceVersionDate "2021.10.06"]
[SourceQuality "1"]

1. e4 e5 2. Nf3 Nc6 3. Bc4 Nf6 4. d3 d6 5. c3 Bg4 6. 0-0 d5 7. exd5 Nxd5 8. Qb3 Na5 9. Qa4+ c6 10. Nxe5 Be6 11. Bxd5 Qxd5 12. d4 Bd6 13. Re1 0-0 14. Nd2 Bc7 15. b4 b5 16. Qc2 Nb7 17. Qe4 Bxe5 18. Qxe5 Qd7 19. Ne4 Rfe8 20. Qg3 Bd5 21. Bh6 Kf8 22. Bxg7+ Ke7 23. Qg5+ Ke6 24. Qe5# 1-0

[Event "CAN-ch U10"]
[Site "Windsor"]
[Date "2016.07.07"]
[Round "5.86"]
[White "Imoo, Joshua"]
[Black "Guipi Bopala, Prince Eric Jr"]
[Result "0-1"]
[WhiteElo "1072"]
[BlackElo "1499"]
[PlyCount "76"]
[EventDate "2016.07.05"]
[EventType "swiss"]
[EventRounds "7"]
[EventCountry "CAN"]
[SourceTitle "EXT 2022"]
[Source "ChessBase"]
[SourceDate "2021.10.06"]
[SourceVersion "1"]
[SourceVersionDate "2021.10.06"]
[SourceQuality "1"]

1. e4 e5 2. Nf3 Nc6 3. Bc4 Nf6 4. d3 Bc5 5. 0-0 h6 6. Re1 d6 7. c3 Be6 8. Bxe6 fxe6 9. Qb3 Qc8 10. Nbd2 0-0 11. Nf1 Bb6 12. Be3 Qe8 13. Ng3 Kh8 14. d4 exd4 15. Bxd4 Nxd4 16. cxd4 Nd7 17. Qc3 e5 18. d5 Nf6 19. Qd2 Qg6 20. h3 Qxg3 21. a4 Nxe4 22. Rxe4 Rxf3 23. Rf1 Raf8 24. Rg4 Rxf2 25. Rxf2 Rxf2 26. Rxg3 Rxd2+ 27. Kf1 Rxb2 28. Ra3 Rd2 29. a5 Bc5 30. Rb3 b6 31. a6 Rxd5 32. Rf3 Kg8 33. g4 Rd2 34. g5 hxg5 35. Rf8+ Kxf8 36. Ke1 Be3 37. h4 gxh4 38. Kf1 h3 0-1